000 00837nmm a2200265 a 4500
001 ocm000779966
003 TR-IsHL
005 20201028140421.0
008 131212s2012 tu tur
007 cr cn
020 _a9786055765965
035 _a779966
_b(N$T)
050 0 4 _aPL248.T34
_bN4 2012
090 0 4 _aPL248.T34
_bN4 2012
100 1 _aTağmaç, Hakan
245 1 0 _aNe olur geri dönme
_h[electronic resource] /
_cHakan Tağmaç
260 _aİstanbul :
_bPupa Yayınları,
_c2012
300 _a138 p.
650 4 _aDil ve Edebiyat
650 4 _aLanguage and Literature
650 0 _aKısa hikayeler, Türk
650 0 _aShort stories, Turkish
650 7 _aLITERARY COLLECTIONS / Middle Eastern
_2bisacsh
856 4 0 _uhttp://search.ebscohost.com/login.aspx?direct=true&scope=site&db=e011xww&AN=779966
999 _c7276
_d7276